All 2024 Olympic Medalists: Sailing - Statistics

General Stats
  • This quiz has been taken 3 times
  • The average score is 3 of 42
Answer Stats
Gender Event Medal Nationality/Team Medalist % Correct
Men's Laser Silver Cyrpus Pavlos Kontides
67%
Men's IQFoil Silver Australia Grae Morris
33%
Mixed 470 Gold Austria Lara Vadlau
33%
Women's Laser Radial Gold Netherlands Marit Bouwmeester
33%
Men's Formula Kite Bronze Singapore Maximilian Maeder
33%
Men's Laser Bronze Peru Stefano Peschiera
33%
Men's Formula Kite Silver Slovenia Toni Vodisek
33%
Men's Formula Kite Gold Austria Valentin Bontus
33%
Women's Formula Kite Bronze Netherlands Annelous Lammerts
0%
Women's Laser Radial Silver Denmark Anne-Marie Rindom
0%
Women's 49erFX Gold Netherlands Annette Duetz
0%
Mixed 470 Bronze Sweden Anton Dahlberg
0%
Mixed Nacra 17 Gold Italy Caterina Banti
0%
Women's 49erFX Bronze France Charline Picon
0%
Men's 49er Gold Spain Diego Botin
0%
Women's Formula Kite Gold Great Britain Ellie Aldridge
0%
Women's IQFoil Bronze Great Britain Emma Wilson
0%
Mixed Nacra 17 Bronze New Zealand Erica Dawson
0%
Mixed Nacra 17 Silver Argentina Eugenia Bosco
0%
Men's 49er Gold Spain Florian Trittel
0%
Men's 49er Bronze USA Hans Henken
0%
Men's 49er Bronze USA Ian Barrows
0%
Men's 49er Silver New Zealand Isaac McHardie
0%
Mixed 470 Silver Japan Keiju Okada
0%
Women's Formula Kite Silver France Lauriane Nolot
0%
Women's Laser Radial Bronze Norway Line Flem Host
0%
Mixed 470 Bronze Sweden Lovisa Karlsson
0%
Mixed 470 Gold Austria Lukas Mahr
0%
Men's IQFoil Bronze Netherlands Luuc van Opzeeland
0%
Women's IQFoil Gold Italy Marta Maggetti
0%
Mixed Nacra 17 Silver Argentina Mateo Majdalani
0%
Men's Laser Gold Australia Matthew Hearn
0%
Mixed Nacra 17 Bronze New Zealand Micah Wilkinson
0%
Mixed 470 Silver Japan Miho Yoshioka
0%
Women's 49erFX Gold Netherlands Odile van Aanholt
0%
Women's 49erFX Silver Sweden Rebecca Netzler
0%
Mixed Nacra 17 Gold Italy Ruggero Tita
0%
Women's 49erFX Bronze France Sarah Steyaert
0%
Women's IQFoil Silver Israel Sharon Kantor
0%
Men's IQFoil Gold Israel Tom Reuveny
0%
Women's 49erFX Silver Sweden Vilma Bobeck
0%
Men's 49er Silver New Zealand William McKenzie
0%
No matching quizzes found
Score Distribution
Percent of People with Each Score
Percentile by Number Answered
Your Score History
You have not taken this quiz